|
|
|
|
| LEADER |
00000nam0a2200000 4500 |
| 001 |
215381 |
| 005 |
20231031193821.0 |
| 010 |
|
|
|a 5737000397
|
| 035 |
|
|
|a (RuTPU)RU\TPU\book\235287
|
| 090 |
|
|
|a 215381
|
| 100 |
|
|
|a 20120510d1990 m y0rusy50 ca
|
| 101 |
0 |
|
|a rus
|
| 102 |
|
|
|a RU
|
| 105 |
|
|
|a a z 001zy
|
| 200 |
1 |
|
|a Художники Калининской области
|f И. Г. Романычева
|
| 210 |
|
|
|a Ленинград
|c Художник РСФСР
|d 1990
|
| 215 |
|
|
|a 168 с.
|c ил.
|
| 320 |
|
|
|a Иллюстрации: с. 166.
|
| 610 |
1 |
|
|a художники
|
| 610 |
1 |
|
|a живопись
|
| 610 |
1 |
|
|a скульптура
|
| 610 |
1 |
|
|a графика
|
| 610 |
1 |
|
|a декоративно-прикладное искусство
|
| 675 |
|
|
|a 7(092)
|v 3
|
| 700 |
|
1 |
|a Романычева
|b И. Г.
|g Ирина Григорьевна
|
| 801 |
|
1 |
|a RU
|b 63413507
|c 20120510
|
| 801 |
|
2 |
|a RU
|b 63413507
|c 20120516
|g RCR
|
| 942 |
|
|
|c BK
|